| LEADER |
00688nam0a2200205 450 |
| 001 |
16838862 |
| 010 |
|
|
|a 978-2-36981-075-9
|d 16
|
| 100 |
|
|
|a 20220224d2022 u u0frey01 ba
|
| 101 |
0 |
|
|a fre
|
| 102 |
|
|
|a FR
|
| 200 |
0 |
|
|a Avant
|e Cadres noirs
|f Pascal Bertho, Giuseppe Liotti, Gaétan Georges
|g Pierre Lemaitre
|
| 207 |
|
1 |
|a
|
| 210 |
|
|
|a Paris
|c Rue de Sèvres
|d 2022
|
| 461 |
|
0 |
|t Cadres noirs
|v 1
|
| 700 |
|
0 |
|a Bertho
|b Pascal
|f 1964-....
|4 90
|
| 701 |
|
0 |
|a Liotti
|b Giuseppe
|f 1978-....
|4 0
|
| 701 |
|
0 |
|a Georges
|b Gaétan
|4 0
|
| 900 |
|
|
|a Bandes déssinées ADULTE
|
| 901 |
|
|
|a Accessible au prêt
|
| 995 |
|
|
|a Bibliothèque
|c Bibliothèque
|f 024022249
|h 024022249
|k BDA BER
|o p
|q a
|r az
|e Bibliothèque
|